S-Bahnstationen innerhalb Leipzigs - Statistiken

Allgemein
  • Dieses Quiz wurde 227 mal gespielt
  • Das Durchschnittsergebnis liegt bei 15 aus 30
Antwortstatistiken
Linie Haltestelle % Korrekt
1,2,3,4,5(X),6,10 Hauptbahnhof
95%
1,2,3,4,5(X),6 Markt
85%
1,2,3,4,5(X),6 MDR
80%
4,5,6 Connewitz
76%
1,2,3,4,5(X),6 Wilhelm-Leuschner-Platz
76%
1,2,3,4,5(X),6 Bayerischer Bahnhof
72%
1,3,10 Gohlis
68%
2,5(X),6 Messe
62%
1,2,3 Stötteritz
61%
2,4,6 Nord
58%
1,2,3 Völkerschlachtdenkmal
55%
1,10 Plagwitz
52%
1,10 Leutzsch
48%
1,10 Lindenau
48%
1,10 Miltitzer Allee
47%
3 Wahren
45%
1,10 Möckern
44%
1,10 Coppiplatz
41%
3 Engelsdorf
38%
1,10 Allee-Center
37%
2,6 Essener Straße
36%
4 Thekla
35%
3 Anger-Crottendorf
32%
3 Olbrichtstraße
31%
3 Lützschena
30%
1,10 Karlsruher Straße
29%
4 Heiterblick
28%
1,10 Grünauer Allee
26%
4 Mockauer Straße
25%
3 Slevogtstraße
18%
Keine übereinstimmenden Quizze gefunden
Verteilung der Resultate
Anzahl Personen mit jedem Resultat
Perzentil nach korrekt beantworteten Fragen
Ihre Resultats-Entwicklung
Sie haben dieses Quiz noch nicht gespielt